000 01152cam a2200349 a 4500
001 4295564
003 OSt
005 20260129153450.0
008 860122s1986 miu b 001 0 eng
010 _a 86002113
020 _a0802801765 (pbk.) :
_c$7.95
020 _a9780802801760
035 _a4295564
040 _aDLC
_cDLC
_dDLC
050 0 0 _aBR115.C8
_bN467 1986
082 0 0 _a261
_219
100 1 _aNewbigin, Lesslie.
245 1 0 _aFoolishness to the Greeks :
_bthe Gospel and Western culture /
_cby Lesslie Newbigin.
260 _aGrand Rapids, Mich. :
_bW.B. Eerdmans Pub. Co.,
_cc1986.
300 _a156 p. ;
_c21 cm.
336 _atext
_btxt
_2rdacontent
337 _aunmediated
_bn
_2rdamedia
338 _avolume
_bnc
_2rdacarrier
500 _aExpanded version of the Warfield Lectures given at Princeton Theological Seminary, March 1984.
500 _aIncludes index.
504 _aBibliography: p. 151-152.
650 0 _aChristianity and culture.
650 0 _aMissions.
906 _a7
_bcbc
_corignew
_d1
_eocip
_f19
_gy-gencatlg
942 _2lcc
_cBK
999 _c21155
_d21154